| 000 -LEADER |
| fixed length control field |
00886nam a22002057a 4500 |
| 020 ## - INTERNATIONAL STANDARD BOOK NUMBER |
| ISBN |
9781394295326 |
| 082 ## - DEWEY DECIMAL CLASSIFICATION NUMBER |
| Classification number |
150.15195 |
| Item number |
H3663 2015 |
| 100 ## - MAIN ENTRY--AUTHOR NAME |
| Personal name |
Hanna, Donncha.,author. |
| 245 ## - TITLE STATEMENT |
| Title |
Psychology statistics for dummies / Donncha Hanna, Martin Dempster. |
| 250 ## - EDITION STATEMENT |
| Edition statement |
2nd edition. |
| 260 ## - PUBLICATION, DISTRIBUTION, ETC. (IMPRINT) |
| Place of publication |
Chichester, West Sussex : |
| Name of publisher |
John Wiley & Sons, |
| Year of publication |
2015. |
| 300 ## - PHYSICAL DESCRIPTION |
| Number of Pages |
1 online resource, 505 pages : |
| Other physical details |
illustrations |
| 490 ## - SERIES STATEMENT |
| Series statement |
For dummies. |
| 500 ## - GENERAL NOTE |
| General note |
Includes index. |
| 505 ## - FORMATTED CONTENTS NOTE |
| Formatted contents note |
Introduction -- Part I: Statistics Basics -- Part II: Descriptive Statistics -- Part III: Inferential Statistics -- Part IV: Advance Data Analysis. |
| 520 ## - SUMMARY, ETC. |
| Summary, etc |
An introduction to the concepts and techniques of statistics as applied to the field of psychology, including use of SSPS. |
| 650 ## - SUBJECT ADDED ENTRY--TOPICAL TERM |
| Topical Term |
Psychology -- Statistical methods. |
| 700 ## - ADDED ENTRY--PERSONAL NAME |
| Personal name |
Dempster, Martin.author. |
| 942 ## - ADDED ENTRY ELEMENTS (KOHA) |
| Koha item type |
Electronic Books |